00685 2200193 4500001002100000005001500021035002000036245014500056100001400201250001800215300005500233856002800288700008100316260003600397082001000433084001600443020001800459650001400477INLIS00000000114745920260227124206 a0010-02260010791 aPANDUAN PRAKTIKUM KEPERAWATAN MATERNITAS /cPenulis; Anik Puji, Desain Cover; Herlambang Rahmadhani, Penata Letak; Invalindiant Candrawinata0 aAnik Puji aCetakan Kedua avi, 182 halaman :bIlustrasi ;c14 x 20 cmeKertas aPerpustakaan Keliling 10 aDesain Cover; Herlambang Rahmadhani, Penata Letak; Invalindiant Candrawinata aYogyakarta :bDeepublish,c2019 a618.2 a618.2 ANI p a9786024014452 4aKebidanan